Sports Quiz

Random Sports or NFL Quiz

One-Super Bowl NFL Head Coaches Quiz Stats

Quiz not verified by Sporcle

Challenge
Share
Tweet
Embed
Score 0/31 Timer 08:00
0 Plays Today
Team Coach % Correct
Baltimore Ravens (2008-present)John Harbaugh
92.2%
San Francisco 49ers (2011-2014)Jim Harbaugh
92.2%
Tampa Bay Buccaneers (2002-2008)Jon Gruden
88.7%
New Orleans Saints (2006-present)Sean Payton
88%
Indianapolis Colts (2002-2008)Tony Dungy
87.7%
Philadelphia Eagles (1999-2012)Andy Reid
85.8%
Oakland Raiders (1969-1978)John Madden
84.8%
Chicago Bears (1982-1992)Mike Ditka
84.2%
Carolina Panthers (2011-present)Ron Rivera
83.9%
Green Bay Packers (2006-present)Mike McCarthy
82.9%
Chicago Bears (2004-2012)Lovie Smith
82.4%
Tennessee Titans (1995-2010)Jeff Fisher
80.2%
Denver Broncos (2015-2016)Gary Kubiak
78.8%
Dallas Cowboys (1994-1997)Barry Switzer
77.7%
Baltimore Ravens (1997-2007)Brian Billick
75%
Indianapolis Colts (2009-2011)Jim Caldwell
68.7%
Team Coach % Correct
St. Louis Rams (2000-2005)Mike Martz
67.5%
New York Jets (1963-1973)Weeb Ewbank
66%
Cincinnati Bengals (1984-1991)Sam Wyche
60.2%
New York Giants (1997-2003)Jim Fassel
58.9%
Atlanta Falcons (2015-present)Dan Quinn
57.5%
Arizona Cardinals (2007-2012)Ken Whisenhunt
57.2%
Washington Redskins (1971-1977)George Allen
56.7%
Oakland Raiders (2002-2003)Bill Callahan
56.2%
San Diego Chargers (1992-1996)Bobby Ross
45.7%
Cincinnati Bengals (1980-1983)Forrest Gregg
44.1%
New England Patriots (1984-1989)Raymond Berry
42.9%
Denver Broncos (1977-1980)Red Miller
31.2%
Los Angeles Rams (1978-1982)Ray Malavasi
23.1%
Baltimore Colts (1970-1972)Don McCafferty
22.3%
Oakland Raiders (1966-1968)John Rauch
18.6%

You're not logged in!

Compare scores with friends on all Sporcle quizzes.
Sign Up with Email
OR
Log In

You Might Also Like...

Show Comments

Extras

Top Quizzes Today


Score Distribution

Your Account Isn't Verified!

In order to create a playlist on Sporcle, you need to verify the email address you used during registration. Go to your Sporcle Settings to finish the process.